| 000 | 00820nam a22002777a 4500 | ||
|---|---|---|---|
| 001 | 8981 | ||
| 003 | FISKH | ||
| 005 | 20251112132658.0 | ||
| 008 | 251112b cb ||||| |||| 00| 0 eng d | ||
| 020 | _a043944540 | ||
| 040 |
_aFISKH _beng _cFISKH _dFISKH |
||
| 050 | _aQL508.A2 B47 | ||
| 082 | _a595.7 | ||
| 100 |
_aBerger, Melvin _eAuthor |
||
| 245 |
_aGrasshoppers : _bTime to discover / _cMelvin and Gilda Berger |
||
| 260 |
_aNew York : _bScholastic Inc. , _c2002 |
||
| 300 |
_a14 unnumbered pages : _bcolor illustrations ; _c18 x 21 cm |
||
| 505 | _aJ | ||
| 520 | _aLearn about how grasshoppers make their chirp noises. | ||
| 521 | 8 |
_a450
_bLexile estimate |
|
| 521 | 8 |
_aJ
_bRaz-Plus |
|
| 650 |
_aAnimals non-Fiction _vBugs |
||
| 700 |
_aBerger, Gilda _eAuthor |
||
| 942 |
_2ddc _cBK _n0 |
||
| 999 |
_c8981 _d8981 |
||